Mariah Carey Albums (2025) - Statistics

General Stats
  • This quiz has been taken 151 times
    37 since last reset
  • The average score is 13 of 16
Answer Stats
Hint Answer % Correct
1993 Music Box
100%
1997 Butterfly
96%
1995 Daydream
93%
2005 The Emancipation of Mimi
93%
1990 Mariah Carey
89%
2002 Charmbracelet
86%
1991 Emotions
86%
2001 Glitter
86%
1999 Rainbow
86%
2018 Caution
79%
2008 E=MC^2
79%
2009 Memoirs of an Imperfect Angel
79%
1994 Merry Christmas
75%
2025 Here For It All
71%
2014 Me. I Am Mariah... The Elusive Chanteuse
68%
2010 Merry Christmas II You
57%
No matching quizzes found
Score Distribution
Percent of People with Each Score
Percentile by Number Answered
Your Score History
You have not taken this quiz since the last reset